000 00430nam a2200181Ia 4500
001 2485
005 20260306144810.0
008 260306t2014||||xx |||||||||||||| ||spa||
041 _aESP
082 _a616.891
_bN539
100 _aNezu, Arthur M.
_eAUT
245 0 _aTerapia de solución de problemas:
_bmanual de tratamiento
260 _c2014
300 _a
_c
650 _aGEN
654 _aCPS
942 _cLIB
_dJUS
_fJUS
_2ddc
_n
999 _c2485
_d2485